|
|
|
|
| LEADER |
00000naa2a2200000 4500 |
| 001 |
630014 |
| 005 |
20231101133605.0 |
| 035 |
|
|
|a (RuTPU)RU\TPU\conf\30865
|
| 035 |
|
|
|a RU\TPU\conf\30863
|
| 090 |
|
|
|a 630014
|
| 100 |
|
|
|a 20191010d2019 k y0rusy50 ca
|
| 101 |
0 |
|
|a rus
|
| 102 |
|
|
|a RU
|
| 105 |
|
|
|a y z 100zy
|
| 135 |
|
|
|a drgn ---uucaa
|
| 181 |
|
0 |
|a i
|
| 182 |
|
0 |
|a b
|
| 200 |
1 |
|
|a Изменение состава нефтей в результате применения физико-химических технологий повышения нефтеотдачи
|f К. А. Степанцова, Д. И. Чуйкина
|g науч. рук. Е. В. Бешагина, Д. И. Чуйкина
|
| 203 |
|
|
|a Текст
|c электронный
|
| 225 |
1 |
|
|a Современные технологии разработки нефтяных и газовых месторождений
|
| 230 |
|
|
|a 1 компьютерный файл (pdf; 322 Kb)
|
| 300 |
|
|
|a Заглавие с экрана
|
| 320 |
|
|
|a [Библиогр.: с. 180 (3 назв.)]
|
| 461 |
|
1 |
|0 (RuTPU)RU\TPU\conf\30471
|t Проблемы геологии и освоения недр
|o труды XXIII Международного симпозиума имени академика М. А. Усова студентов и молодых ученых, посвященного 120-летию со дня рождения академика К. И. Сатпаева, 120-летию со дня рождения профессора К. В. Радугина, Томск, 8-12 апреля 2019 г.
|o в 2 т.
|f Национальный исследовательский Томский политехнический университет, Инженерная школа природных ресурсов ; гл. ред. А. С. Боев ; под ред. Е. Ю. Пасечник
|d 2019
|
| 463 |
|
1 |
|0 (RuTPU)RU\TPU\conf\30475
|t Т. 2
|v [С. 179-180]
|d 2019
|
| 610 |
1 |
|
|a труды учёных ТПУ
|
| 610 |
1 |
|
|a электронный ресурс
|
| 610 |
1 |
|
|a состав
|
| 610 |
1 |
|
|a нефти
|
| 610 |
1 |
|
|a физико-химические технологии
|
| 610 |
1 |
|
|a повышение
|
| 610 |
1 |
|
|a нефтеотдача
|
| 610 |
1 |
|
|a обводненные скважины
|
| 700 |
|
1 |
|a Степанцова
|b К. А.
|
| 701 |
|
1 |
|a Чуйкина
|b Д. И.
|
| 702 |
|
1 |
|a Бешагина
|b Е. В.
|c химик-технолог
|c доцент Томского политехнического университета, кандидат химических наук
|f 1983-
|g Евгения Владимировна
|2 stltpush
|4 727
|
| 702 |
|
1 |
|a Чуйкина
|b Д. И.
|4 727
|
| 712 |
0 |
2 |
|a Национальный исследовательский Томский политехнический университет
|b Инженерная школа природных ресурсов
|b Отделение химической инженерии
|h 8085
|2 stltpush
|3 (RuTPU)RU\TPU\col\23513
|
| 801 |
|
2 |
|a RU
|b 63413507
|c 20191024
|g RCR
|
| 856 |
4 |
|
|u http://earchive.tpu.ru/handle/11683/56514
|
| 942 |
|
|
|c BK
|